Aspectos conceptuales y metodológicos en las encuestas de uso del tiempo en España /

Spremljeno u:
Bibliografski detalji
Glavni autor: García Sainz, Cristina
Format: Tekst
Oznake: Dodaj oznaku
Bez oznaka, Budi prvi tko označuje ovaj zapis!

MARC

LEADER 00000 a a2200000 04500
001 46474
003
040
100 |a García Sainz, Cristina  
245 |a Aspectos conceptuales y metodológicos en las encuestas de uso del tiempo en España /  |c Cristina García Sainz  
246 |a El Tiempo, los tiempos, una vara de desigualdad  
773 |g número65 ( , 2005), páginas 35-50 : tablas  
999 |c 31683  |d 31683